000 00913nam a2200313 a 4500
003 AR-BaBNM
005 20251128203928.0
008 082120s2002 ||||||||||||||000 | spa||
020 _a950-01-0368-0
040 _cAR-BaBNM
245 0 0 _aAmérica y España
_bel encuentro de dos mundos
260 _aBuenos Aires
_bEstrada
_c1988
300 _a157 p.
_bmapas, tablas, fot.
500 _aIncluye trabajos de diversos autores
610 2 4 _aIGLESIA CATOLICA
650 4 _aCONQUISTA DE AMERICA
650 4 _aDESCUBRIMIENTOS GEOGRAFICOS
650 4 _aDERECHO INDIGENA
650 4 _aINSTITUCIONES HISPANOAMERICANAS
650 4 _aIGLESIA CATOLICA
650 4 _aHISTORIA DE LAS RELIGIONES
651 4 _aEspaña
653 _aDESCUBRIMIENTO DE AMERICA
653 _aJESUITAS
700 1 _aMaeder, Ernesto J.A.
_ecoordinador
700 1 _aStengel, Sonia
_ecoordinador
942 _cBK
998 _cHector
999 _c5506
_d5506